Weg und Wirken der Siemens-Werke im Fortschritt der Elektrotechnik 1847-1972 : ein Beitr. z. Geschichte d. Elektroindustrie

Đã lưu trong:
Bibliografiske detaljer
Hovedforfatter: Weiher, Sigfrid von
Format: Bog
Sprog:Undetermined
Udgivet: München Bruckmann 1972
Fag:
Tags: Tilføj Tag
Ingen Tags, Vær først til at tagge denne postø!
Thư viện lưu trữ: Trung tâm Học liệu Trường Đại học Cần Thơ
LEADER 00607nam a2200193Ia 4500
001 CTU_97941
008 210402s9999 xx 000 0 und d
082 |a 621.31 
082 |b W415 
100 |a Weiher, Sigfrid von 
245 0 |a Weg und Wirken der Siemens-Werke im Fortschritt der Elektrotechnik 1847-1972 : 
245 0 |b ein Beitr. z. Geschichte d. Elektroindustrie 
245 0 |c Sigfrid v. Weiher, Herbert Goetzeler 
260 |a München 
260 |b Bruckmann 
260 |c 1972 
650 |a Electronics industries 
904 |i Năm 
980 |a Trung tâm Học liệu Trường Đại học Cần Thơ